[Event "4NCL Division 2a"]
[Site "De Vere, Sunningdale ENG"]
[Date "2012.11.03"]
[Round "1.42"]
[White "Talsma, Paul A"]
[Black "Pleasants, Allan J"]
[Result "1-0"]
[WhiteElo "2229"]
[BlackElo "2103"]
[PlyCount "115"]
[EventDate "2012.11.03"]
[WhiteTeam "Anglian Avengers 1"]
[BlackTeam "Wessex"]

1. d4 g6 2. e4 d6 3. Bc4 a6 4. Nf3 Bg7 5. a4 Nc6 6. c3 Nf6 7. Qe2 Bg4 8. Nbd2
O-O 9. h3 Bxf3 10. Nxf3 e5 11. dxe5 dxe5 12. O-O Ne8 13. Be3 Nd6 14. Rfd1 h6
15. Bc5 Qf6 16. Bd5 Nd8 17. Bxd6 cxd6 18. Qc4 Nc6 19. Bxc6 Rac8 20. Qb4 Rxc6
21. Qxb7 Rfc8 22. Rd3 Bf8 23. Qb3 Kg7 24. Nd2 R8c7 25. Re1 Qe7 26. Nf1 Rb7 27.
Qa2 Qe6 28. Qxe6 fxe6 29. b4 a5 30. Rb1 d5 31. exd5 exd5 32. Rxd5 Rxc3 33. Rxa5
Rxb4 34. Rxb4 Bxb4 35. Rxe5 Rc2 36. Re4 Bc5 37. Ne3 Ra2 38. Rc4 Bxe3 39. fxe3
Kf6 40. Kh2 g5 41. Kg3 h5 42. Kf3 Kf5 43. Rc5+ Kf6 44. a5 g4+ 45. hxg4 hxg4+
46. Kxg4 Rxg2+ 47. Kf4 Ke6 48. a6 Ra2 49. Rh5 Ra1 50. Rh6+ Kd5 51. e4+ Kc5 52.
Re6 Kd4 53. Rd6+ Kc5 54. e5 Rf1+ 55. Ke4 Ra1 56. Kf5 Rf1+ 57. Ke6 Ra1 58. Kd7
1-0

[Event "4NCL Division 2a"]
[Site "De Vere, Sunningdale ENG"]
[Date "2012.11.03"]
[Round "1.43"]
[White "Simons, Martin J"]
[Black "Merry, Alan B"]
[Result "1/2-1/2"]
[WhiteElo "2154"]
[BlackElo "2221"]
[PlyCount "64"]
[EventDate "2012.11.03"]
[WhiteTeam "Wessex"]
[BlackTeam "Anglian Avengers 1"]

1. e4 e6 2. d3 d5 3. Nd2 c5 4. Ngf3 Nc6 5. g3 g6 6. Bg2 Bg7 7. O-O Nge7 8. exd5
Nxd5 9. Re1 O-O 10. a4 b6 11. Nc4 Qc7 12. Qe2 a6 13. Qe4 Bb7 14. Qh4 Nce7 15.
g4 b5 16. axb5 axb5 17. Rxa8 Rxa8 18. Na3 Bc6 19. c4 Nb4 20. Ng5 Bxg2 21. Qxh7+
Kf8 22. Rxe6 Bc6 23. Rf6 Qe5 24. Rxf7+ Ke8 25. f3 Qe1+ 26. Kg2 Bd4 27. Ne4 Qg1+
28. Kh3 Qf1+ 29. Kg3 Ra7 30. Bg5 Qg1+ 31. Kh3 Qf1+ 32. Kg3 Qg1+ 1/2-1/2

[Event "4NCL Division 2a"]
[Site "De Vere, Sunningdale ENG"]
[Date "2012.11.03"]
[Round "1.44"]
[White "Tozer, Philip AA"]
[Black "Lock, Gavin R"]
[Result "0-1"]
[WhiteElo "2193"]
[BlackElo "2162"]
[PlyCount "80"]
[EventDate "2012.11.03"]
[WhiteTeam "Anglian Avengers 1"]
[BlackTeam "Wessex"]

1. c4 f5 2. g3 Nf6 3. Bg2 g6 4. Nc3 Bg7 5. d3 d6 6. e4 fxe4 7. dxe4 c5 8. Nge2
Nc6 9. O-O O-O 10. Bg5 Ne8 11. Qd2 Nc7 12. Nd5 Rb8 13. Nxc7 Qxc7 14. Nc3 Bxc3
15. Qxc3 Nd4 16. Rae1 e5 17. Bh6 Rf7 18. f4 Be6 19. a4 Qd7 20. b3 a6 21. a5 b5
22. axb6 Rxb6 23. Qa5 Rxb3 24. Qxa6 Qc6 25. Ra1 Rb8 26. Qxc6 Nxc6 27. Ra6 Rc7
28. Rc1 Bc8 29. Ra2 Nd4 30. Rf2 Bg4 31. Rcf1 Be2 32. Rc1 Rcb7 33. fxe5 dxe5 34.
Bh3 Bf3 35. Re1 Rb1 36. Rff1 Rxe1 37. Rxe1 Be2 38. Be6+ Kh8 39. Kf2 Rb2 40. Bd5
Bxc4+ 0-1

[Event "4NCL Division 2a"]
[Site "De Vere, Sunningdale ENG"]
[Date "2012.11.03"]
[Round "1.45"]
[White "Jenks, C Bruce"]
[Black "Lindner, Daniel"]
[Result "1-0"]
[WhiteElo "2135"]
[BlackElo "2202"]
[PlyCount "135"]
[EventDate "2012.11.03"]
[WhiteTeam "Wessex"]
[BlackTeam "Anglian Avengers 1"]

1. Nf3 c5 2. b3 g6 3. Bb2 Nf6 4. c4 Bg7 5. g3 O-O 6. Bg2 Nc6 7. O-O d6 8. e3
Bd7 9. d4 cxd4 10. exd4 d5 11. Re1 dxc4 12. bxc4 Na5 13. Nbd2 Rc8 14. Qe2 Re8
15. Ne5 a6 16. Nb3 Nxb3 17. axb3 Qc7 18. Qf3 Rb8 19. Bc1 h6 20. Bf4 Nh5 21.
Nxd7 Qxd7 22. Bxb8 Rxb8 23. Rad1 Bxd4 24. Qe4 Rd8 25. Qxb7 Qf5 26. Qf3 Qc5 27.
Rd2 Rd6 28. Red1 e5 29. Rf1 Kg7 30. Qb7 Nf6 31. Bd5 Nxd5 32. cxd5 Rb6 33. Qa8
Qc3 34. Ra2 Qxb3 35. Rxa6 Rxa6 36. Qxa6 Qxd5 37. Qe2 Kh7 38. Rc1 Kg7 39. Rc7 h5
40. h4 Bb6 41. Rc1 Kh7 42. Re1 Bd4 43. Qe4 Qxe4 44. Rxe4 Kg7 45. Re2 Kf6 46.
Kg2 Kf5 47. Ra2 e4 48. Ra5+ Kf6 49. Rd5 Be5 50. Kf1 Ke6 51. Ra5 Bc3 52. Rb5 Bd4
53. Ke2 Kd6 54. Rb4 Ke5 55. Ra4 Kd5 56. Ra8 Bc5 57. Re8 Bd6 58. f4 exf3+ 59.
Kxf3 Kd4 60. g4 hxg4+ 61. Kxg4 f6 62. Rg8 f5+ 63. Kh3 Ke4 64. Rxg6 Be5 65. h5
f4 66. h6 Kf5 67. Rg8 f3 68. h7 1-0

[Event "4NCL Division 2a"]
[Site "De Vere, Sunningdale ENG"]
[Date "2012.11.03"]
[Round "1.46"]
[White "Munson, Shaun D"]
[Black "de Coverly, Roger D"]
[Result "1/2-1/2"]
[WhiteElo "2177"]
[BlackElo "2035"]
[PlyCount "219"]
[EventDate "2012.11.03"]
[WhiteTeam "Anglian Avengers 1"]
[BlackTeam "Wessex"]

1. d4 Nf6 2. Bg5 e6 3. Nc3 c5 4. d5 d6 5. e4 Be7 6. Nf3 exd5 7. exd5 O-O 8. Be2
Nbd7 9. O-O a6 10. a4 b6 11. Re1 Bb7 12. Bc4 Re8 13. Qd2 Qc7 14. h3 Nf8 15. Qd3
Ng6 16. Bxf6 Bxf6 17. Rxe8+ Rxe8 18. Bxa6 Nf4 19. Qb5 Kf8 20. Bxb7 Qxb7 21. a5
Bxc3 22. bxc3 Qxd5 23. axb6 Rb8 24. Qd7 Qe6 25. Qa7 Qc8 26. Re1 Qb7 27. Qa4 g5
28. Qa7 h6 29. c4 Qxb6 30. Qe7+ Kg7 31. h4 Ng6 32. Qe4 Qd8 33. hxg5 hxg5 34.
Qg4 f6 35. Qe4 Qd7 36. Nh2 Rh8 37. Nf1 Rh4 38. Qa8 Ne5 39. Rb1 Rh8 40. Qa6 Nf7
41. Ne3 Kg6 42. Qa3 Ne5 43. Rd1 Qh7 44. Kf1 Qh1+ 45. Ke2 Qh5+ 46. f3 Re8 47.
Qa4 Re6 48. Qa8 Kg7 49. Qe4 Ng6 50. Qg4 Nf4+ 51. Kf2 Qe8 52. Re1 Kg8 53. g3 Ng6
54. Qh5 Ne5 55. Qh6 Qg6 56. Qxg6+ Nxg6 57. Ra1 Kf7 58. Ra7+ Re7 59. Ra6 Ke6 60.
Nd5 Rb7 61. Ra8 Rb2 62. Re8+ Kf7 63. Re2 Ne5 64. f4 gxf4 65. gxf4 Nxc4 66. Kf3
Rb1 67. Rh2 Ke6 68. Nc7+ Kf5 69. Rh5+ Kg6 70. Rh2 Rd1 71. Re2 Kf5 72. Ne8 Nd2+
73. Ke3 Nc4+ 74. Kf3 Rd2 75. Rxd2 Nxd2+ 76. Ke3 Nc4+ 77. Kf3 Ke6 78. Nc7+ Kf7
79. Ke4 Nb6 80. f5 Nd7 81. Kd5 Ke7 82. Nb5 Nb6+ 83. Kc6 Nc4 84. c3 Ne5+ 85. Kd5
Nf7 86. c4 Kd7 87. Nc3 Nh6 88. Ke4 Nf7 89. Nd5 Ng5+ 90. Kf4 Nh7 91. Kg4 Ke8 92.
Ne3 Kf7 93. Kf4 Ng5 94. Ng4 Ke7 95. Ke3 Nf7 96. Ke4 Ne5 97. Ne3 Nc6 98. Nd5+
Kf7 99. Nc7 Ne5 100. Kd5 Ke7 101. Nb5 Nf7 102. Nc3 Ne5 103. Nb5 Nf7 104. Nc3
Ne5 105. Ne4 Nf7 106. Ng3 Ne5 107. Nh5 Nf7 108. Nf4 Kd7 109. Ng6 Ng5 110. Nf8+
1/2-1/2

[Event "4NCL Division 2a"]
[Site "De Vere, Sunningdale ENG"]
[Date "2012.11.03"]
[Round "1.47"]
[White "Gregory, Keith DF"]
[Black "Gray, Mark S"]
[Result "1/2-1/2"]
[WhiteElo "2047"]
[BlackElo "2098"]
[PlyCount "72"]
[EventDate "2012.11.03"]
[WhiteTeam "Wessex"]
[BlackTeam "Anglian Avengers 1"]

1. Nf3 d5 2. c4 e6 3. g3 Nf6 4. Bg2 Be7 5. O-O O-O 6. d4 Nbd7 7. Qc2 c6 8. Nbd2
b6 9. e4 Ba6 10. b3 Rc8 11. Rd1 c5 12. Bb2 cxd4 13. exd5 exd5 14. Nxd4 b5 15.
Nf5 bxc4 16. bxc4 Bxc4 17. Nxc4 dxc4 18. Bc3 g6 19. Nh6+ Kg7 20. Ng4 Kg8 21.
Nxf6+ Bxf6 22. Bh3 Bxc3 23. Qxc3 f5 24. Bg2 Qf6 25. Bd5+ Kg7 26. Qa5 Qb6 27.
Qc3+ Qf6 28. Qa5 Rc5 29. Qxa7 Rxd5 30. Rxd5 Qxa1+ 31. Kg2 Rf7 32. Rxd7 Rxd7 33.
Qxd7+ Kh6 34. Qd2+ Kg7 35. Qd7+ Kh6 36. Qd2+ Kg7 1/2-1/2

[Event "4NCL Division 2a"]
[Site "De Vere, Sunningdale ENG"]
[Date "2012.11.03"]
[Round "1.48"]
[White "Gregory, Stephen J"]
[Black "Reid, Vaness"]
[Result "1/2-1/2"]
[WhiteElo "2086"]
[BlackElo "1838"]
[PlyCount "80"]
[EventDate "2012.11.03"]
[WhiteTeam "Anglian Avengers 1"]
[BlackTeam "Wessex"]

1. e4 d5 2. exd5 Qxd5 3. Nc3 Qd8 4. d4 Nf6 5. Be3 Bg4 6. Be2 Bxe2 7. Qxe2 c6 8.
Nf3 e6 9. O-O Bd6 10. Rad1 O-O 11. Bg5 Nbd7 12. Ne5 Be7 13. Rfe1 Nd5 14. Bd2
N7f6 15. a3 Qb6 16. Nxd5 cxd5 17. Bc1 Rac8 18. g4 Qc7 19. c3 Nd7 20. f4 Nf6 21.
Rd3 Ne4 22. Rh3 Bd6 23. Nd3 f6 24. Nf2 Nxf2 25. Qxf2 Rce8 26. Qg2 Qf7 27. Rf3
Qd7 28. Rf2 Bc7 29. Rfe2 Re7 30. Kh1 Rfe8 31. g5 fxg5 32. fxg5 e5 33. dxe5 Rxe5
34. Rxe5 Rxe5 35. Rxe5 Bxe5 36. Qe2 Bc7 37. Be3 Qe7 38. Qf2 Qe4+ 39. Kg1 Qg4+
40. Kf1 Qd1+ 1/2-1/2

[Event "4NCL Division 2b"]
[Site "De Vere, Sunningdale ENG"]
[Date "2012.11.03"]
[Round "1.51"]
[White "Jones, Victor GL"]
[Black "Richardson, John R"]
[Result "0-1"]
[WhiteElo "2240"]
[BlackElo "2320"]
[PlyCount "74"]
[EventDate "2012.11.03"]
[WhiteTeam "KJCA Kings"]
[BlackTeam "The AD's"]

1. e4 c6 2. d4 d5 3. e5 Bf5 4. Nc3 e6 5. g4 Bg6 6. Nge2 c5 7. h4 h5 8. Nf4 Bh7
9. Nxh5 Nc6 10. Bb5 Qb6 11. Be3 O-O-O 12. Bxc6 Qxc6 13. O-O Be7 14. Qf3 Bxh4
15. Qxf7 Nh6 16. Qf3 Be7 17. Qg3 Rdf8 18. Kg2 cxd4 19. Bxd4 Nf5 20. gxf5 Rxf5
21. f4 Rxh5 22. Rh1 Qe8 23. Kf2 Bf5 24. Rxh5 Qxh5 25. Ke3 g5 26. Ne2 Bg4 27.
Qf2 Bxe2 28. Qxe2 gxf4+ 29. Kd2 f3 30. Qd3 Bb4+ 31. c3 Qh2+ 32. Kc1 Qh1+ 33.
Kc2 Qxa1 34. cxb4 Qxa2 35. Qxf3 Rh2+ 36. Kd3 Qb1+ 37. Ke3 Qc1+ 0-1

[Event "4NCL Division 2b"]
[Site "De Vere, Sunningdale ENG"]
[Date "2012.11.03"]
[Round "1.52"]
[White "Snape, Ian L"]
[Black "Rayner, Francis"]
[Result "1-0"]
[WhiteElo "2245"]
[BlackElo "2166"]
[PlyCount "91"]
[EventDate "2012.11.03"]
[WhiteTeam "The AD's"]
[BlackTeam "KJCA Kings"]

1. e4 c5 2. Nf3 e6 3. d4 cxd4 4. Nxd4 Nc6 5. Nc3 Qc7 6. Be3 a6 7. Qd2 Nf6 8.
O-O-O Bb4 9. f3 Ne5 10. Nb3 b5 11. Qe1 Be7 12. f4 Ng6 13. e5 Ng4 14. Ne4 Nxe3
15. Qxe3 O-O 16. h4 Bb7 17. Bd3 f5 18. Ng5 Rac8 19. h5 Nh8 20. Nf3 Nf7 21. Rhg1
Nh6 22. Nh2 a5 23. g4 fxg4 24. Nxg4 Nf5 25. Qh3 a4 26. Na1 a3 27. Bxf5 axb2+
28. Kxb2 exf5 29. Nh6+ Kh8 30. Qg3 Ba3+ 31. Qxa3 b4 32. Qg3 Qc3+ 33. Kb1 Qxg3
34. Rxg3 Bc6 35. Rd6 gxh6 36. Rxh6 Be4 37. Rd6 Rc7 38. h6 Rg8 39. Rxg8+ Kxg8
40. Kb2 Kf7 41. Kb3 Ra7 42. Kxb4 Rxa2 43. Rxd7+ Ke8 44. Rxh7 Rxa1 45. Rc7 Kf8
46. Rc8+ 1-0

[Event "4NCL Division 2b"]
[Site "De Vere, Sunningdale ENG"]
[Date "2012.11.03"]
[Round "1.53"]
[White "Green, Andrew D"]
[Black "Swindells, Jonathan E"]
[Result "1/2-1/2"]
[WhiteElo "2152"]
[BlackElo "2167"]
[PlyCount "101"]
[EventDate "2012.11.03"]
[WhiteTeam "KJCA Kings"]
[BlackTeam "The AD's"]

1. e4 e5 2. Nf3 Nc6 3. Bb5 g6 4. c3 a6 5. Bc4 Qe7 6. O-O d6 7. d4 Bg7 8. dxe5
dxe5 9. b3 Be6 10. Ba3 Qf6 11. Qe2 Nge7 12. Nbd2 O-O 13. Rfd1 Rfd8 14. Nf1 b5
15. Bd3 Bg4 16. Ne3 Bxf3 17. Qxf3 Qxf3 18. gxf3 Rd7 19. Be2 Rad8 20. Rxd7 Rxd7
21. Kf1 h5 22. Bc5 Na5 23. Bxe7 Rxe7 24. Nd5 Rd7 25. Rd1 Kf8 26. Nb4 Ke8 27.
Rxd7 Kxd7 28. Nxa6 c6 29. Nc5+ Kc7 30. Ke1 Nb7 31. Nd3 Kb6 32. Kd1 Nc5 33. Nb2
Bf8 34. Bf1 Ne6 35. Nd3 f6 36. Bh3 Nf4 37. Nxf4 exf4 38. Be6 g5 39. Ke2 h4 40.
Kd3 Bd6 41. Bg4 Be5 42. Bh3 Bd6 43. Bd7 Be5 44. a4 bxa4 45. bxa4 c5 46. Kc4 Ka5
47. Be8 Kb6 48. Bd7 Ka5 49. Kxc5 Bxc3 50. Kd5 Be5 51. Kc4 1/2-1/2

[Event "4NCL Division 2b"]
[Site "De Vere, Sunningdale ENG"]
[Date "2012.11.03"]
[Round "1.54"]
[White "Anderton, David W"]
[Black "Jones, William EG"]
[Result "1/2-1/2"]
[WhiteElo "2217"]
[BlackElo "2094"]
[PlyCount "64"]
[EventDate "2012.11.03"]
[WhiteTeam "The AD's"]
[BlackTeam "KJCA Kings"]

1. d4 Nf6 2. c4 g6 3. g3 Bg7 4. Bg2 O-O 5. Nc3 d6 6. Nf3 Nc6 7. O-O Bf5 8. d5
Na5 9. Nd2 c6 10. b4 Nxd5 11. cxd5 Bxc3 12. e4 Bxe4 13. Nxe4 Bxa1 14. bxa5 Bg7
15. dxc6 bxc6 16. Qa4 c5 17. Rd1 Qc7 18. Bf4 Rab8 19. Rc1 Qd8 20. Bd2 Rb2 21.
Bc3 Bxc3 22. Nxc3 e6 23. Qf4 d5 24. Qe5 Qb8 25. Qf6 Rd2 26. Rb1 Qd8 27. Qe5
Qxa5 28. Rb8 Rd3 29. Qd6 Rxb8 30. Qxb8+ Kg7 31. Qe5+ Kf8 32. Qd6+ Kg7 1/2-1/2

[Event "4NCL Division 2b"]
[Site "De Vere, Sunningdale ENG"]
[Date "2012.11.03"]
[Round "1.55"]
[White "Lunn, Matthew"]
[Black "Rizvi, Nasir"]
[Result "1/2-1/2"]
[WhiteElo "2004"]
[BlackElo "2072"]
[PlyCount "83"]
[EventDate "2012.11.03"]
[WhiteTeam "KJCA Kings"]
[BlackTeam "The AD's"]

1. d4 Nf6 2. c4 g6 3. Nc3 Bg7 4. e4 O-O 5. Nf3 d6 6. Be2 e5 7. O-O Na6 8. Re1
Bg4 9. Be3 Re8 10. d5 Nc5 11. h3 Bxf3 12. Bxf3 a5 13. a3 Nfd7 14. b4 Na6 15.
Rb1 f5 16. Bd2 f4 17. Na4 h5 18. bxa5 Qh4 19. Rxb7 Nf6 20. Rb3 g5 21. g3 fxg3
22. fxg3 Qxh3 23. Bg2 Qd7 24. Rf3 g4 25. Rf5 Kh7 26. Bg5 Kg6 27. Nc3 Nh7 28.
Qd2 Rf8 29. Ref1 Nc5 30. Rxf8 Rxf8 31. Rxf8 Bxf8 32. Be3 Nb3 33. Qf2 Nxa5 34.
Bf1 Nb3 35. Qf5+ Qxf5 36. exf5+ Kf6 37. Bd3 Ng5 38. Ne4+ Nxe4 39. Bxe4 Nd4 40.
Bxd4 exd4 41. Bd3 Bh6 42. a4 1/2-1/2

[Event "4NCL Division 2b"]
[Site "De Vere, Sunningdale ENG"]
[Date "2012.11.03"]
[Round "1.56"]
[White "Bellin, Jana M"]
[Black "Maguire, Robert"]
[Result "1/2-1/2"]
[WhiteElo "2128"]
[BlackElo "1956"]
[PlyCount "83"]
[EventDate "2012.11.03"]
[WhiteTeam "The AD's"]
[BlackTeam "KJCA Kings"]

1. d4 Nf6 2. Nf3 g6 3. c4 Bg7 4. Nc3 d6 5. Bg5 O-O 6. e3 c5 7. Be2 Bf5 8. O-O
Nc6 9. d5 Na5 10. Nd2 Bd7 11. Qc2 a6 12. a4 Qb6 13. e4 e6 14. Rab1 exd5 15.
cxd5 Qc7 16. b3 Rab8 17. Nd1 Rbc8 18. Nc3 Rfe8 19. Bf4 Ng4 20. Bxg4 Bxg4 21.
Nc4 Nxc4 22. bxc4 Bd4 23. Kh1 Rb8 24. h3 Bd7 25. Ne2 Bg7 26. a5 f5 27. Rb6 Be5
28. Bxe5 Rxe5 29. exf5 Bxf5 30. Qd2 Rbe8 31. Ng3 Qe7 32. Nxf5 Rxf5 33. Rfb1 Rf7
34. Qb2 Rb8 35. Rxa6 Rbf8 36. Rb6 Rxf2 37. Qc1 Qe4 38. Qg5 Qxc4 39. Rxb7 Qe4
40. Rb8 Rf1+ 41. Rxf1 Rxb8 42. Qd2 1/2-1/2

[Event "4NCL Division 2b"]
[Site "De Vere, Sunningdale ENG"]
[Date "2012.11.03"]
[Round "1.61"]
[White "Kwiatkowski, Feliks J"]
[Black "Longson, Alexander"]
[Result "1-0"]
[WhiteElo "2232"]
[BlackElo "2270"]
[PlyCount "81"]
[EventDate "2012.11.03"]
[WhiteTeam "Kings Head"]
[BlackTeam "3Cs 1"]

1. e4 e5 2. Nf3 Nc6 3. Bb5 a6 4. Ba4 Nf6 5. O-O Be7 6. Re1 b5 7. Bb3 d6 8. c3
O-O 9. h3 Na5 10. Bc2 c5 11. d4 Qc7 12. Nbd2 Bd7 13. Nf1 Nc4 14. Ng3 g6 15. d5
Ne8 16. Rb1 Ng7 17. Bh6 a5 18. Rf1 f5 19. exf5 gxf5 20. Ng5 Bxg5 21. Bxg5 Be8
22. Bh6 Qd7 23. a4 bxa4 24. Bxg7 Kxg7 25. Bxf5 Rxf5 26. Qg4+ Bg6 27. Nxf5+ Qxf5
28. Qxc4 Qc2 29. Qb5 Qb3 30. Qd7+ Kg8 31. Qe6+ Kh8 32. Qxd6 Bxb1 33. Qxe5+ Kg8
34. Qe6+ Kh8 35. Rxb1 a3 36. Qf6+ Kg8 37. d6 axb2 38. d7 Qc2 39. d8=Q+ Rxd8 40.
Qxd8+ Kg7 41. Qc7+ 1-0

[Event "4NCL Division 2b"]
[Site "De Vere, Sunningdale ENG"]
[Date "2012.11.03"]
[Round "1.62"]
[White "Walton, Alan J"]
[Black "Okike, David C"]
[Result "1/2-1/2"]
[WhiteElo "2171"]
[BlackElo "2194"]
[PlyCount "113"]
[EventDate "2012.11.03"]
[WhiteTeam "3Cs 1"]
[BlackTeam "Kings Head"]

1. d4 Nf6 2. Bg5 c5 3. d5 Qb6 4. Nc3 h6 5. Bd2 d6 6. e4 g6 7. h3 Bg7 8. Nf3
Nbd7 9. Be2 Qc7 10. O-O O-O 11. Nh4 a6 12. a4 b6 13. f4 Bb7 14. Qe1 Rae8 15.
Qg3 Kh7 16. Rae1 c4 17. Bf3 Ng8 18. Bd1 b5 19. axb5 axb5 20. Nf3 b4 21. Ne2
Bxb2 22. Ned4 Qb6 23. Be3 Nc5 24. Qh4 Qd8 25. f5 Kg7 26. fxg6 fxg6 27. Qg3 Kh7
28. Nh4 g5 29. Bh5 Rxf1+ 30. Rxf1 Rf8 31. Bg6+ Kh8 32. Nhf3 e5 33. Ne2 Ne7 34.
Nxg5 hxg5 35. Bf7 Nxe4 36. Qg4 Bxd5 37. Bxd5 Rxf1+ 38. Kxf1 Qf8+ 39. Kg1 Nxd5
40. Qxe4 Nxe3 41. Qxe3 Qf6 42. Qe4 Bd4+ 43. Kh2 b3 44. cxb3 cxb3 45. Qa8+ Kg7
46. Ng3 Qf4 47. Qe8 Qf7 48. Qd8 Be3 49. Ne2 b2 50. Qb8 Bd4 51. Ng3 Qg6 52. Qb7+
Kh6 53. Qc8 b1=Q 54. Qh8+ Qh7 55. Qf6+ Qhg6 56. Qh8+ Qh7 57. Qf6+ 1/2-1/2

[Event "4NCL Division 2b"]
[Site "De Vere, Sunningdale ENG"]
[Date "2012.11.03"]
[Round "1.63"]
[White "Haria, Ravi"]
[Black "Jaunooby, Ali Reza"]
[Result "0-1"]
[WhiteElo "2034"]
[BlackElo "2178"]
[PlyCount "64"]
[EventDate "2012.11.03"]
[WhiteTeam "Kings Head"]
[BlackTeam "3Cs 1"]

1. e4 g6 2. d4 Bg7 3. Nc3 d6 4. Be3 a6 5. Qd2 Nd7 6. h4 h6 7. f4 Ngf6 8. Be2 b5
9. Bf3 b4 10. Nce2 Bb7 11. Ng3 Rb8 12. h5 gxh5 13. e5 Nd5 14. Nf5 Bf8 15. e6
N7f6 16. exf7+ Kxf7 17. Qe2 Ke6 18. g4 hxg4 19. Bxg4 Nxg4 20. Qxg4 Nf6 21. Qh3
Kf7 22. Rh2 Qd7 23. Ne2 Bc8 24. Neg3 Rb5 25. Bd2 Rxf5 26. Nxf5 Qxf5 27. Qxf5
Bxf5 28. Bxb4 h5 29. Ba5 Bh6 30. Rh4 Bg4 31. Bd2 Ne4 32. Be3 e5 0-1

[Event "4NCL Division 2b"]
[Site "De Vere, Sunningdale ENG"]
[Date "2012.11.03"]
[Round "1.65"]
[White "Wittmann, Jochen"]
[Black "McKenna, Jason P"]
[Result "1/2-1/2"]
[WhiteElo "2176"]
[BlackElo "2102"]
[PlyCount "51"]
[EventDate "2012.11.03"]
[WhiteTeam "Kings Head"]
[BlackTeam "3Cs 1"]

1. f4 g6 2. Nf3 Bg7 3. g3 d6 4. Bg2 c5 5. e4 Nc6 6. O-O e6 7. d3 Nge7 8. c3 d5
9. e5 Nf5 10. g4 Nfe7 11. d4 cxd4 12. cxd4 h5 13. h3 hxg4 14. hxg4 b6 15. Nc3
Ba6 16. Rf2 Bf8 17. a3 Qd7 18. b4 Bc4 19. Be3 Rc8 20. Qd2 b5 21. Ne2 Ng8 22.
Ng3 Nh6 23. Nh2 Ne7 24. Bf1 Bxf1 25. Raxf1 Qc6 26. Qe2 1/2-1/2

[Event "4NCL Division 2b"]
[Site "De Vere, Sunningdale ENG"]
[Date "2012.11.03"]
[Round "1.66"]
[White "Horton, Jamie A"]
[Black "Thomas, Rik H"]
[Result "0-1"]
[WhiteElo "2009"]
[BlackElo "2183"]
[PlyCount "62"]
[EventDate "2012.11.03"]
[WhiteTeam "3Cs 1"]
[BlackTeam "Kings Head"]

1. e4 g6 2. d4 Bg7 3. Nc3 c6 4. Be3 d6 5. Qd2 a6 6. a4 Nd7 7. Nf3 b6 8. e5 d5
9. a5 b5 10. b4 f6 11. exf6 exf6 12. Bd3 Nf8 13. h3 Ne7 14. g4 Be6 15. Ne2 Nc8
16. Nf4 Nd6 17. O-O-O Qd7 18. c3 O-O-O 19. Qc2 Nc4 20. Bxc4 dxc4 21. Nxe6 Nxe6
22. Nd2 Rhf8 23. Rde1 f5 24. f3 Rde8 25. Rhf1 Nc7 26. Bg1 Nd5 27. Rxe8+ Rxe8
28. gxf5 gxf5 29. Kb2 Bh6 30. Qd1 Qe6 31. Ka1 Nxc3 0-1

[Event "4NCL Division 2b"]
[Site "De Vere, Sunningdale ENG"]
[Date "2012.11.03"]
[Round "1.67"]
[White "Lewis, Alex"]
[Black "Horton, Andrew P"]
[Result "1/2-1/2"]
[WhiteElo "2175"]
[BlackElo "1968"]
[PlyCount "94"]
[EventDate "2012.11.03"]
[WhiteTeam "Kings Head"]
[BlackTeam "3Cs 1"]

1. e4 c5 2. Nf3 e6 3. d3 Nc6 4. g3 g6 5. Bg2 Bg7 6. O-O Nge7 7. c3 e5 8. Be3 d6
9. a4 O-O 10. Na3 b6 11. Nc4 h6 12. Qd2 Kh7 13. b4 cxb4 14. cxb4 Be6 15. Rac1
Rc8 16. b5 Nd4 17. Bxd4 exd4 18. Qb4 Rc5 19. Ncd2 Qc7 20. Nb3 Bxb3 21. Rxc5
dxc5 22. Qxb3 g5 23. Nd2 Be5 24. Qd1 Ng6 25. Qh5 Kg7 26. Bh3 a6 27. Nc4 axb5
28. axb5 Ra8 29. Qe2 Ra4 30. Qc2 Rb4 31. Rb1 Rxb1+ 32. Qxb1 h5 33. Qa2 h4 34.
Kg2 Qb8 35. Bf5 Ne7 36. Qd2 f6 37. Qe2 hxg3 38. hxg3 Bc7 39. Qh5 Qh8 40. Qxh8+
Kxh8 41. f4 Kg7 42. fxg5 fxg5 43. Kf3 Kf7 44. Kg4 Kf6 45. Nd2 Ng8 46. Kf3 Nh6
47. g4 Nf7 1/2-1/2

[Event "4NCL Division 2b"]
[Site "De Vere, Sunningdale ENG"]
[Date "2012.11.03"]
[Round "1.68"]
[White "Whitehead, David J"]
[Black "Balaji, Ananthanarayanan"]
[Result "0-1"]
[WhiteElo "2035"]
[BlackElo "1892"]
[PlyCount "62"]
[EventDate "2012.11.03"]
[WhiteTeam "3Cs 1"]
[BlackTeam "Kings Head"]

1. e4 e5 2. Bc4 Nf6 3. d3 Nc6 4. Nf3 Be7 5. c3 O-O 6. Bb3 d5 7. Qe2 Bg4 8. h3
Bh5 9. Bg5 dxe4 10. dxe4 Nd7 11. Bxe7 Qxe7 12. Nbd2 Nc5 13. Bd5 Bxf3 14. Nxf3
Nd8 15. a4 Nde6 16. g3 c6 17. Bc4 Qf6 18. b4 Nd7 19. O-O Rfd8 20. Rfd1 Ndf8 21.
Qe3 Ng6 22. Bxe6 Qxe6 23. Rxd8+ Rxd8 24. Qxa7 Qxh3 25. Qxb7 Nf4 26. gxf4 Qxf3
27. Qxc6 Qg4+ 28. Kf1 Qh3+ 29. Ke2 Qd3+ 30. Ke1 exf4 31. a5 f3 0-1

[Event "4NCL Division 2b"]
[Site "De Vere, Sunningdale ENG"]
[Date "2012.11.03"]
[Round "1.71"]
[White "Sanders, Isaac B"]
[Black "Adams, David M"]
[Result "1/2-1/2"]
[WhiteElo "2132"]
[BlackElo "2216"]
[PlyCount "50"]
[EventDate "2012.11.03"]
[WhiteTeam "Barbican Youth"]
[BlackTeam "White Rose 2"]

1. e4 e5 2. Nf3 Nf6 3. Nxe5 d6 4. Nf3 Nxe4 5. Nc3 Nxc3 6. dxc3 Be7 7. Bf4 Bg4
8. Be2 Nc6 9. Qd2 Qd7 10. O-O-O O-O-O 11. h3 Bh5 12. Rhe1 a6 13. c4 Bf6 14. g4
Bg6 15. Bg3 Rhe8 16. g5 Ne5 17. Nxe5 Bxe5 18. Bxe5 Rxe5 19. Bg4 Bf5 20. Rxe5
Bxg4 21. hxg4 dxe5 22. Qxd7+ Rxd7 23. Rh1 Rd4 24. Rxh7 Rxc4 25. Rxg7 Rf4
1/2-1/2

[Event "4NCL Division 2b"]
[Site "De Vere, Sunningdale ENG"]
[Date "2012.11.03"]
[Round "1.72"]
[White "Weller, Jean-Luc"]
[Black "O'Toole, George E"]
[Result "1-0"]
[WhiteElo "2176"]
[BlackElo "2204"]
[PlyCount "47"]
[EventDate "2012.11.03"]
[WhiteTeam "White Rose 2"]
[BlackTeam "Barbican Youth"]

1. d4 Nf6 2. Bg5 c5 3. Bxf6 exf6 4. e3 Qb6 5. Nc3 cxd4 6. Qxd4 Bc5 7. Qe4+ Qe6
8. Qh4 g5 9. Qa4 O-O 10. O-O-O Na6 11. Nd5 Kg7 12. Bc4 Nb4 13. a3 Qe4 14. Bb3
Na2+ 15. Kb1 Qxg2 16. Ne2 Qxf2 17. Ng3 d6 18. Nh5+ Kh6 19. Nhxf6 b5 20. Qxb5
Nc3+ 21. bxc3 Bh3 22. Qd3 Rh8 23. Rhg1 Rab8 24. Rxg5 1-0

[Event "4NCL Division 2b"]
[Site "De Vere, Sunningdale ENG"]
[Date "2012.11.03"]
[Round "1.73"]
[White "Sands, David A"]
[Black "Shaw, Peter"]
[Result "1-0"]
[WhiteElo "2235"]
[BlackElo "2151"]
[PlyCount "63"]
[EventDate "2012.11.03"]
[WhiteTeam "Barbican Youth"]
[BlackTeam "White Rose 2"]

1. d4 d6 2. Nf3 Bg4 3. c4 c6 4. Nc3 Nf6 5. e4 e6 6. Be2 d5 7. cxd5 cxd5 8. exd5
Nxd5 9. Qb3 Nxc3 10. bxc3 Qb6 11. Qxb6 axb6 12. Bb5+ Kd8 13. Ne5 Bh5 14. Nc4
Nc6 15. Nxb6 Ra5 16. a4 f6 17. O-O Ke7 18. Re1 Kf7 19. Bc4 Nd8 20. Bf4 Be7 21.
Bc7 Re8 22. h3 Rg5 23. Kf1 f5 24. Bb3 Kg8 25. Nc4 Nc6 26. Rxe6 Bf7 27. Ree1 Rg6
28. Bf4 Kf8 29. Rab1 Bd5 30. f3 Bd8 31. Rxe8+ Kxe8 32. Nd6+ 1-0

[Event "4NCL Division 2b"]
[Site "De Vere, Sunningdale ENG"]
[Date "2012.11.03"]
[Round "1.74"]
[White "O'Driscoll, Kieran"]
[Black "Moss, Guy"]
[Result "0-1"]
[WhiteElo "2113"]
[BlackElo "1927"]
[PlyCount "50"]
[EventDate "2012.11.03"]
[WhiteTeam "White Rose 2"]
[BlackTeam "Barbican Youth"]

1. d4 d5 2. c4 c6 3. Nf3 Nf6 4. Nc3 dxc4 5. a4 Bf5 6. e3 e6 7. Bxc4 Bb4 8. O-O
O-O 9. Qe2 Nbd7 10. e4 Bg6 11. Bd3 c5 12. Na2 Ba5 13. e5 Nd5 14. Ng5 cxd4 15.
Bxg6 hxg6 16. Qf3 Nxe5 17. Qh3 Nf6 18. Rd1 Rc8 19. b4 Bc7 20. Nc3 dxc3 21. Rxd8
Rfxd8 22. f4 Rd1+ 23. Kf2 Nd3+ 24. Ke2 Rxc1 25. Rxc1 Nxf4+ 0-1